000 00765nam a2200289Ia 4500
001 Z_2446
003 CHAP
008 220113s1972 xx 000 0 und d
010 _a165500
040 _cCHAP
082 _a519.5 D5y
100 _aDixon, Wilfrid J
_933066
245 _aIntroducción al análisis estadístico /
_cpor Wilfrid J Dixon y Frank J. Massey
260 _aLa Habana :
_bEdición Revolucionaria,
_c1972
300 _a489 p.
440 _a
500 _aTrad. De la 2 ed. En inglés de 1965
503 _aDONACIÓN
650 _aAnálisis estadístico I. Massey, Frank J. II. t.
_9139368
650 _aEstadística
_938241
901 _a519.5 D5y
902 _aA
910 _a1972
942 _c1
942 _cc1
999 _c165500
_d165500